Dilindu ratawal ha dhanawath ratawal (Record no. 5259)
[ view plain ]
| 000 -LEADER | |
|---|---|
| fixed length control field | 00407nam a2200145Ia 4500 |
| 005 - DATE AND TIME OF LATEST TRANSACTION | |
| control field | 20250624012816.0 |
| 008 - FIXED-LENGTH DATA ELEMENTS--GENERAL INFORMATION | |
| fixed length control field | 240331s9999 xx 000 0 und d |
| 082 ## - DDC Classification | |
| Item Number - Author Mark | MAR |
| Class No. | 339 |
| 245 #0 - TITLE STATEMENT | |
| Title | Dilindu ratawal ha dhanawath ratawal |
| 260 ## - PUBLICATION, DISTRIBUTION, ETC. | |
| Place of publication, distribution, etc. | Colombo |
| Name of publisher, distributor, etc. | Marga Institute. |
| Date of publication, distribution, etc. | 1976 |
| 300 ## - PHYSICAL DESCRIPTION | |
| Extent (e.g. Volumes, Pages etc.) | 114 p ., |
| 500 ## - GENERAL NOTE | |
| General note | A book on Rich Countries and Poor Countries II |
| 700 ## - ADDED ENTRY--PERSONAL NAME | |
| Personal name | Marga Institute. |
| Relator term (Role) | Editor |
| 942 ## - Koha item type (Biblio) | |
| Koha item type | Books in Stacks (Lending) |
| Lost status | Damaged status | Collection code | Home library | Current library | Shelving location | Date acquired | Full call number | Accession Number | Item type |
|---|---|---|---|---|---|---|---|---|---|
| Lending | WERC Library | WERC Library | Social Science Cupboard | 03/31/2024 | 339 MAR | 3342 | Books in Stacks (Lending) |
